Library Banner

گجرات عہد بعہد (Record no. 64660)

MARC details
000 -LEADER
fixed length control field 00427nam a22001457a 4500
005 - DATE AND TIME OF LATEST TRANSACTION
control field 20150126112602.0
008 - FIXED-LENGTH DATA ELEMENTS--GENERAL INFORMATION
fixed length control field 150109b xxu||||| |||| 00| 0 eng d
040 ## - CATALOGING SOURCE
Transcribing agency PK-LaUMT
082 ## - DEWEY DECIMAL CLASSIFICATION NUMBER
Classification number KHC 954.915475
Item number ALI-G
100 ## - MAIN ENTRY--PERSONAL NAME
Personal name ایلیٹ، اے۔ سی۔
245 ## - TITLE STATEMENT
Title گجرات عہد بعہد
Statement of responsibility, etc اے۔ سی۔ ایلیٹ
260 ## - PUBLICATION, DISTRIBUTION, ETC. (IMPRINT)
Place of publication, distribution, etc گجرات
Name of publisher, distributor, etc ٹیپو سلطان پبلیکیشنز
Date of publication, distribution, etc 1997
300 ## - PHYSICAL DESCRIPTION
Extent 120 ص
942 ## - ADDED ENTRY ELEMENTS (KOHA)
Koha item type Books
Holdings
Withdrawn status Lost status Damaged status Home library Current library Date acquired Full call number Barcode Date last seen Koha item type
      UMT Main Campus UMT Main Campus 2015-01-09 KHC 954.915475 ALI-G 73211 2020-03-04 Books